Si yo fuera ... : (Registro nro. 30252)
[ vista simple ]
| 000 -LEADER | |
|---|---|
| fixed length control field | 00627nam a22001457a 4500 |
| 003 - CONTROL NUMBER IDENTIFIER | |
| control field | OSt |
| 005 - DATE AND TIME OF LATEST TRANSACTION | |
| control field | 20250808114321.0 |
| 008 - FIXED-LENGTH DATA ELEMENTS--GENERAL INFORMATION | |
| fixed length control field | 230919b |||||||| |||| 00| 0 eng d |
| 040 ## - CATALOGING SOURCE | |
| Transcribing agency | CO-JMCR |
| 082 04 - DEWEY DECIMAL CLASSIFICATION NUMBER | |
| Classification number | C |
| Item number | HERp |
| 100 10 - MAIN ENTRY--PERSONAL NAME | |
| Personal name | Panamericana, |
| Relator term | autor |
| 9 (RLIN) | 42915 |
| 245 ## - TITLE STATEMENT | |
| Title | Si yo fuera ... : |
| Remainder of title | héroe de cuentos / |
| 520 ## - SUMMARY, ETC. | |
| Summary, etc. | ¿Te imaginas ser el personaje principal de tus cuentos favoritos? con "Si yo fuera... héroe de cuentos" puede ser un caballero medieval que recorre el mundo salvando princesas, o un mago que sabe mucho de hechizos y helados, o un pirata que surca los mares en busca de un tesoro... |
| 942 ## - ADDED ENTRY ELEMENTS (KOHA) | |
| Source of classification or shelving scheme | Dewey Decimal Classification |
| Koha item type | Books |
| Withdrawn status | Lost status | Source of classification or shelving scheme | Damaged status | Not for loan | Collection code | Home library | Current library | Date acquired | Total Checkouts | Full call number | Barcode | Date last seen | Date last checked out | Copy number | Price effective from | Koha item type |
|---|---|---|---|---|---|---|---|---|---|---|---|---|---|---|---|---|
| Dewey Decimal Classification | Fiction | Biblioteca Pública José María del Castillo y Rada | Biblioteca Pública José María del Castillo y Rada | 09/19/2023 | 4 | C HERp | 201811158 | 09/08/2025 | 09/05/2025 | Ej.1 | 09/19/2023 | Books |